| 000 | 01673cam a2200493 4500 | ||
|---|---|---|---|
| 003 | PE-LiUPU | ||
| 005 | 20250731173020.0 | ||
| 020 | _a0941037649 | ||
| 035 | _a(Sirsi) i9780941037648 | ||
| 035 | _a(Sirsi) 24069 | ||
| 035 | _a(Sirsi) 24069 | ||
| 041 | _aen | ||
| 044 | _aus | ||
| 082 | 0 | 4 |
_a220.046 _bCH23 |
| 100 | 1 | _aCharlesworth, James H. | |
| 245 |
_aHow Barisat bellowe : _bfolklore, humor, and iconography in the Jewish apocalypses and the Apocalypse of John / _cpor James H. Charlesworth. |
||
| 264 | 1 |
_aNorth Richland Hills, TX : _bBIBAL Press, _c1998 |
|
| 300 |
_a60 páginas ; _c22 cm. |
||
| 490 | 0 |
_aThe Dead Sea Scrolls and Christian Origins Library _v3 |
|
| 504 | _aIncluye bibliografía | ||
| 505 | 0 | _aThe Jewish Apocalypses and the Apocalypse of John -- The social setting and origin of Jewish Apocalyptic literature -- Iconography. | |
| 526 | _aSEG42 | ||
| 526 | _aSEG41 | ||
| 526 | _aSEG40 | ||
| 526 | _aSEG39 | ||
| 526 | _aP94 | ||
| 526 | _aP87 | ||
| 526 | _aP86 | ||
| 526 | _aP85 | ||
| 526 | _aP77 | ||
| 526 | _aP76 | ||
| 526 | _aP35 | ||
| 630 |
_aBiblia _pN.T. _pApocalipsis _vFuentes |
||
| 650 | 1 | 4 |
_aLiteratura apocalíptica _vFuentes |
| 650 | 1 | 4 | _aFolclore en la literatura |
| 650 | 1 | 4 | _aHumor en la literatura |
| 650 | 1 | 4 | _aÍdolos e imágenes en la literatura |
| 942 |
_2ddc _cBOOK |
||
| 949 |
_a220.046 CH23 _i47430 _lPOSTGRADO _mBUL _tLIBRO _o.STAFF. Posgrado |
||
| 910 | _aaj-op | ||
| 596 | _a1 | ||
| 999 |
_a220.046 CH23 _wDEWEY _c23988 _i47430 _f2021-11-9 _g5 _lCCODEBUL1 _mBUL _r0 _sY _tBOOK _u2015-6-24 _xTEOLOGIA _PP35 _0COMPRA _o.STAFF. Colección General _d23988 |
||
| 980 |
_81 _gALBERTO SANCHEZ Responsable de Automatización |
||